=LDR 00000nam 2200000 4500 =001 INLIS000000000026448 =005 20130612124905 =008 ***********************************Ind** =035 ##$$0010-061300000026448 =041 ##$$a Ind =082 ##$$a 158.4 =090 ##$$a 158.4, Man s =100 ##$$a Mangunharjana, A.M =245 ##$$a Seni memimpin diri sendiri, A.M Mangunhardjana =260 ##$$a 1991 $b Yogyakarta =300 ##$$a 99 hlm, 21 cm =650 ##$$a psikologi =850 ##$$a NBPNMAT